Catálogo
 En Linea

Fondo de Ojo : (Registro nro. 42961)

Detalles MARC
000 -CABECERA
campo de control de longitud fija 01335nam a2200277 a 4500
001 - NÚMERO DE CONTROL
campo de control 000043472
005 - FECHA Y HORA DE LA ÚLTIMA TRANSACCIÓN
campo de control 20201002044813.0
008 - DATOS DE LONGITUD FIJA--INFORMACIÓN GENERAL
campo de control de longitud fija 140319s2013 dr a 000 0 spa d
020 ## - NÚMERO INTERNACIONAL ESTÁNDAR DEL LIBRO
Número Internacional Estándar del Libro 9789945583366
040 ## - FUENTE DE LA CATALOGACIÓN
Centro catalogador/agencia de origen DO-SdBNP
Lengua de catalogación spa
Centro/agencia transcriptor BNPHU
082 ## - NÚMERO DE LA CLASIFICACIÓN DECIMAL DEWEY
Número de clasificación 617.715
Número de documento/Ítem P349f
100 1# - ENTRADA PRINCIPAL--NOMBRE DE PERSONA
Nombre de persona Peña Villalona, Franklin
9 (RLIN) 71159
245 10 - MENCIÓN DE TÍTULO
Título Fondo de Ojo :
Resto del título manual práctico /
Mención de responsabilidad, etc. Franklin Peña Villalona, Franklin Peña Romero.
246 14 - FORMA VARIANTE DE TÍTULO
Título propio/Titulo breve Fondo de Ojo :
Resto del título manual práctico, un recorrido gráfico y detallado de la anatomía y fisiología del ojo para hacer un mejor diagnóstico.
260 ## - PUBLICACIÓN, DISTRIBUCIÓN, ETC.
Lugar de publicación, distribución, etc. Santo Domingo :
Nombre del editor, distribuidor, etc. Santuario,
Fecha de publicación, distribución, etc. 2013.
300 ## - DESCRIPCIÓN FÍSICA
Extensión 164 p. :
Otras características físicas il. ;
Dimensiones 24 cm.
500 ## - NOTA GENERAL
Nota general Incluye datos biográficos de los autores en la solapa de la cubierta.
504 ## - NOTA DE BIBLIOGRAFÍA, ETC.
Nota de bibliografía, etc. Bibliografía: p.161-164.
505 0# - NOTA DE CONTENIDO CON FORMATO
Información miscelánea Prólogo --
-- Introducción --
Título Anatomía y fisiología del ojo --
-- El oftalmoscopio, la oftalmoscopía y el fondo de ojo normal --
-- Interpretación del fondo de ojo patológico --
Información miscelánea Apéndice:
-- Autoevaluación, repaso y respuestas --
-- Bibliografía.
590 ## - NOTA LOCAL (RLIN)
Nota local Inventariado,2018/DG
650 #4 - PUNTO DE ACCESO ADICIONAL DE MATERIA--TÉRMINO DE MATERIA
Término de materia o nombre geográfico como elemento de entrada Fondo del ojo
Subdivisión general Diagnóstico
9 (RLIN) 71160
650 #4 - PUNTO DE ACCESO ADICIONAL DE MATERIA--TÉRMINO DE MATERIA
Término de materia o nombre geográfico como elemento de entrada Oftalmoscopia
Subdivisión general Métodos
9 (RLIN) 71161
650 #4 - PUNTO DE ACCESO ADICIONAL DE MATERIA--TÉRMINO DE MATERIA
Término de materia o nombre geográfico como elemento de entrada Fenómenos fisiológicos oculares
9 (RLIN) 71162
700 1# - PUNTO DE ACCESO ADICIONAL--NOMBRE DE PERSONA
Nombre de persona Peña Romero, Franklin
9 (RLIN) 71163
910 ## - DATOS DE OPCIÓN DEL USUARIO (OCLC)
Datos de opción del usuario Validado. Control de calidad EMS
Existencias
Estado de retiro Estado de pérdida Restricciones de uso No para préstamo Código de colección Localización permanente Ubicación/localización actual Ubicación en estantería Fecha de adquisición Número de inventario Total de préstamos Signatura topográfica completa Código de barras Fecha visto por última vez Número de copia Precio válido a partir de Tipo de ítem Koha
        Dominicana de Servicio General General Depósito 19.03.2014 LF1   617.715 P349f 43472-30 25.06.2020 e. 3 25.06.2020 Libro y Folleto Colección Dominicana de Servicio
      Excluido de préstamo Patrimonio Dominicano Patrimonio Dominicano Patrimonio Dominicano Depósito 19.03.2014 LF1   617.715 P349f 43472-10 25.06.2020   25.06.2020 Libro y Folleto Colección Patrimonio Dominicano
      Excluido de préstamo Patrimonio Dominicano Patrimonio Dominicano Patrimonio Dominicano Depósito 19.03.2014 LF1   617.715 P349f 43472-20 25.06.2020 e. 2 25.06.2020 Libro y Folleto Colección Patrimonio Dominicano

Con tecnología Koha